000 01248nam a2200313 c 4500
003 BLK
005 20180422105706.0
008 180409b bul|||||r ||||||| ||bul||
010 _aKNG00111180000
020 _a954-8945-26-6
_bиздат.: Изток-Запад
040 _aBLK
041 _aBUL
_cBUL
080 _aЛатинска (римска) литература
_b821.124
_x-4
_z821.124-4
100 1 _aГелий, Авъл
_eпърви автор
_9310440
700 1 _aАтанасов, Владимир
_eпрев. от лат.
_9366818
139 _aГелий, Авъл
_bГ 28
245 1 0 _aАтически нощи
_cАвъл Гелий; прев. от лат. Владимир Атанасов.
250 _a2. прераб. изд.
257 _aBGR
260 София
_bИзток-Запад
_c2003
300 _a346 с.
_c20 см
380 _a1
500 _aОриг. загл. Noctes Atticae. - 1. изд. 1985 на изд. Наука и изкуство. - Офс. изд. - Азб. показалец - коментар на имената и реалиите.
852 _aЦб 218163
856 4 _qpdf
_u
856 4 _qpdf
_u
942 _cKNG
_n0
944 _aCR
_c19.02.2004
_kЛюдмила_Стоянова
944 _aED
_c16.03.2004
_k
999 _c105928
_d105928